| 000 | 00429nam a2200145 a 4500 | ||
|---|---|---|---|
| 005 | 20140412111330.0 | ||
| 008 | 030210s19uu xx 00 eng d | ||
| 050 |
_aER _bNu93 1992 |
||
| 245 |
_aNursery rhymes / _cillustrations by Pamela Storey. |
||
| 260 |
_aEngland : _bBrown Watson, _c1992. |
||
| 300 | _a1 v. (unp.) ; ill. | ||
| 440 | _aMy Wee Willie Winkie Book of | ||
| 650 | _aRhymes--Juvenile literature | ||
| 999 |
_c104899 _d104899 |
||